Du lịch qua thế giới hóa học hữu cơ

Wedi'i Gadw mewn:
Manylion Llyfryddiaeth
Prif Awdur: Z Spaussus
Fformat: Llyfr
Iaith:Undetermined
Cyhoeddwyd: Hà nội KHKT 1973
Pynciau:
Tagiau: Ychwanegu Tag
Dim Tagiau, Byddwch y cyntaf i dagio'r cofnod hwn!
Thư viện lưu trữ: Trung tâm Học liệu Trường Đại học Cần Thơ
LEADER 00520nam a2200181Ia 4500
001 CTU_3163
008 210402s9999 xx 000 0 und d
082 |a 547 
082 |b S739 
100 |a Z Spaussus 
245 0 |a Du lịch qua thế giới hóa học hữu cơ 
245 0 |c Z Spaussus; Dịch giả: Lê Ngọc Khánh 
260 |a Hà nội 
260 |b KHKT 
260 |c 1973 
650 |a chemistry, organic 
904 |i Minh, 960903 
980 |a Trung tâm Học liệu Trường Đại học Cần Thơ